| 000 | nam a22 a 4500 | ||
|---|---|---|---|
| 999 |
_c329038 _d329038 |
||
| 003 | BLK | ||
| 005 | 20210111111914.0 | ||
| 008 | 190213b bu |||gr|||| 00| 0 bu d | ||
| 020 | _a9786192041304 | ||
| 040 | _aBLK | ||
| 041 |
_aBUL _cBUL |
||
| 080 |
_aБългарска литература _b821.163.2 _x-1 _z821.163.2-1 |
||
| 100 |
_9340071 _aДялков, Николай Петков _eпърви автор |
||
| 139 |
_aДялков, Николай Петков _bД 99 |
||
| 245 |
_aШлифер, облечен на голо : Стихове _cНиколай Дялков |
||
| 260 |
_9209502 _aСофия _bБълг. писател _c2018 _dБлагоевград _fБлагоевград : Бон |
||
| 300 |
_a112 с. _c21 см |
||
| 380 | _aX | ||
| 500 | _aПризнанията на един съучастник / Камелия Кондова: с. 3 Биогр. данни за авт. отбелязани на гърба на кор. | ||
| 700 |
_91311 _aКондова, Камелия _eред. |
||
| 852 | _aЦб 293601 | ||
| 942 |
_cKNG _n0 _01 |
||
| 944 |
_aCR _c2019-02-13 _kМоника Янева _l2019-02-13 |
||
| 999 | _d329038 | ||
| 999 | _d329038 | ||